000 00761nam a2200277Ia 4500
003 OSt
005 20220912151410.0
006 a|||||r|||| 00| 0
007 ta
008 220909b |||||||| |||| 00| 0 eng d
024 _a29802
037 _cTextual
040 _aCSL
_beng
_cCSL
041 _aeng
082 _aB43p1,N84, M4
100 _aHirsch F Ed.
111 _aSeminar (Paris)
245 0 _aSeminaire de theorie de potential
260 _aBerlin
_bSpringer-Verlag
_c1984
300 _aiv,281p.
_ccm.
490 _aLecture notes in mathemtics; 1061
650 _aFunctional anlaysis
700 _a Mokobodzki G Ed.
942 _hB43p1,N84, M4
_cTEXL
_2CC
999 _c67556
_d67556